000 00647nam a22002057a 4500
005 20251108164225.0
008 250721s1998 xx 000 0 ara d
082 1 4 _a780.962/زكي
100 1 _aزكي، عبد الحميد توفيق
245 1 0 _aالتذوق الموسيقي و تاريخ الموسيقى المصريه /
264 1 _aالقاهرة :
_bالهيئه المصريه العامه للكتاب،
_c1998.
300 _a166ص.
490 0 _aتاريخ المصريين ؛ 88
650 1 7 _aالموسيقى
650 1 7 _aالتاريخ
650 1 7 _aالنقد
650 1 7 _aمصر
942 _2ddc
_cBK
999 _c6773
_d6773